[Event "Junior Online 4NCL Division 3"]
[Site "online"]
[Date "2021.09.16"]
[EventDate "2021.09.16"]
[Round "3.161"]
[White "Navle, Yash Kumar"]
[WhiteElo "1103"]
[WhiteTeam "Uxbridge C"]
[Black "Farsi-Holford, William"]
[BlackElo "1317"]
[BlackTeam "Wimbledon Juniors A"]
[Result "1-0"]
[PlyCount "55"]

1. e4 e5 2. Nf3 Nc6 3. d4 d6 4. dxe5 dxe5 5. Qxd8+ Kxd8 6. Bc4 Bc5 7. Ng5 Ke8 8. Nxf7 Nh6 9. Nxh8 Bg4 10. Bxh6 gxh6 11. Nf7 Bh5 12. Nxh6 Rd8 13. O-O Bd4 14. c3 Bc5 15. b4 Bd6 16. Nf5 a6 17. Ng7+ Kd7 18. Nxh5 Ra8 19. Nd2 b5 20. Bd5 Rb8 21. c4 bxc4 22. Nxc4 Rxb4 23. Nxd6 cxd6 24. Nf6+ Kc7 25. Nxh7 Nd4 26. Rac1+ Nc6 27. Rxc6+ Kb7 28. Rc4+ 1-0

[Event "Junior Online 4NCL Division 3"]
[Site "online"]
[Date "2021.09.16"]
[EventDate "2021.09.16"]
[Round "3.163"]
[White "Prabhushankar, Arivukkathir"]
[WhiteElo "1091"]
[WhiteTeam "Uxbridge C"]
[Black "Ali, Shahyan"]
[BlackElo "1249"]
[BlackTeam "Wimbledon Juniors A"]
[Result "0-1"]
[PlyCount "112"]

1. e4 e5 2. f3 Nc6 3. Nc3 Bc5 4. Nge2 d6 5. d3 Nf6 6. Qd2 Be6 7. Qg5 O-O 8. Qg3 Nh5 9. Qg5 Qxg5 10. Bxg5 Bb4 11. O-O-O h6 12. Bd2 Bxc3 13. Nxc3 Nb4 14. Kb1 a6 15. a3 Nc6 16. g4 Nf6 17. h3 Nd4 18. Bg2 Rfe8 19. Be3 Nb5 20. Nxb5 axb5 21. Bf1 c5 22. c4 bxc4 23. dxc4 Red8 24. Bg2 Bxc4 25. f4 exf4 26. Bxf4 d5 27. e5 Ne4 28. Bxe4 dxe4 29. Rde1 Bd3+ 30. Ka1 c4 31. Rc1 b5 32. b4 cxb3 33. Kb2 Bc4 34. Rhe1 g5 35. Bh2 Rd2+ 36. Kc3 Rxh2 37. Rxe4 b2 38. Rb1 Rxa3+ 39. Kb4 Ra1 40. Ree1 Rxb1 41. Rxb1 Bd3 42. Rd1 Bc2 43. Re1 Re2 44. Rf1 Rxe5 45. Kc3 b1=Q 46. Rxb1 Bxb1 47. Kb2 Be4 48. Kc3 Re8 49. Kd4 Bg2 50. Kc5 Rb8 51. Kb4 Bxh3 52. Ka5 b4 53. Ka4 b3 54. Ka3 b2 55. Ka2 b1=Q+ 56. Ka3 Qb3# 0-1

[Event "Junior Online 4NCL Division 3"]
[Site "online"]
[Date "2021.09.16"]
[EventDate "2021.09.16"]
[Round "3.164"]
[White "Zhang, Yichen"]
[WhiteElo "1100"]
[WhiteTeam "Wimbledon Juniors A"]
[Black "Boby, Shawn"]
[BlackElo "926"]
[BlackTeam "Uxbridge C"]
[Result "1-0"]
[PlyCount "167"]

1. e4 e5 2. Nf3 Nc6 3. Bc4 Nd4 4. Nxe5 Qg5 5. Bxf7+ Ke7 6. O-O Qxe5 7. Bxg8 Rxg8 8. Re1 Nc6 9. Nc3 Ke8 10. d3 Bb4 11. Bd2 Ne7 12. a3 Bc5 13. Nd5 Rf8 14. Be3 Bxe3 15. Rxe3 c6 16. d4 Qb8 17. Nxe7 Kxe7 18. Qh5 Qf4 19. Re2 h6 20. Qc5+ d6 21. Qc3 Bg4 22. f3 Bh5 23. d5 c5 24. Qxg7+ Rf7 25. Qc3 Qe5 26. Qxe5+ dxe5 27. b4 c4 28. c3 b5 29. a4 bxa4 30. Rxa4 Rf6 31. Rea2 Kf8 32. Rxa7 Rxa7 33. Rxa7 Rb6 34. Ra8+ Ke7 35. g4 Bg6 36. Rh8 Bf7 37. h4 Rf6 38. Kg2 Kd6 39. g5 hxg5 40. hxg5 Rg6 41. Rd8+ Ke7 42. Ra8 Rxg5+ 43. Kf2 Kf6 44. Ra6+ Kg7 45. b5 Rh5 46. b6 Rh8 47. b7 Rb8 48. Rb6 Bg6 49. d6 Be8 50. Kg3 Bd7 51. Kh4 Kg6 52. Kg3 Kg5 53. Rb4 Bc6 54. Rxc4 Bxb7 55. Rc7 Ba8 56. d7 Rd8 57. Rc8 Rxd7 58. Rxa8 Rc7 59. Rg8+ Kf6 60. f4 exf4+ 61. Kxf4 Rxc3 62. Rf8+ Ke7 63. Ra8 Rc6 64. e5 Ke6 65. Re8+ Kf7 66. Rh8 Ke6 67. Rh6+ Kd5 68. Rxc6 Kxc6 69. Kf5 Kc7 70. Ke6 Kd8 71. Kf7 Kd7 72. e6+ Kd8 73. e7+ Kd7 74. e8=Q+ Kd6 75. Qc8 Kd5 76. Qc7 Ke4 77. Qd6 Kf3 78. Qe5 Kg2 79. Qf4 Kh1 80. Qg5 Kh2 81. Kf6 Kh3 82. Kf5 Kh2 83. Kf4 Kh3 84. Qg3# 1-0

[Event "Junior Online 4NCL Division 3"]
[Site "online"]
[Date "2021.09.16"]
[EventDate "2021.09.16"]
[Round "3.165"]
[White "Farsi-Holford, William"]
[WhiteElo "1317"]
[WhiteTeam "Wimbledon Juniors A"]
[Black "Navle, Yash Kumar"]
[BlackElo "1103"]
[BlackTeam "Uxbridge C"]
[Result "0-1"]
[PlyCount "32"]

1. e4 e5 2. Nf3 Nc6 3. Bc4 Nf6 4. Ng5 d5 5. Bb5 Bd7 6. d3 dxe4 7. Nxe4 Nxe4 8. dxe4 a6 9. Bd3 Bc5 10. O-O h5 11. c3 Bg4 12. Qc2 Qf6 13. b4 Bb6 14. Nd2 O-O-O 15. c4 Nxb4 16. Qb1 Nxd3 0-1

[Event "Junior Online 4NCL Division 3"]
[Site "online"]
[Date "2021.09.16"]
[EventDate "2021.09.16"]
[Round "3.168"]
[White "Boby, Shawn"]
[WhiteElo "926"]
[WhiteTeam "Uxbridge C"]
[Black "Zhang, Yichen"]
[BlackElo "1100"]
[BlackTeam "Wimbledon Juniors A"]
[Result "1-0"]
[PlyCount "105"]

1. d4 d5 2. Bf4 Bf5 3. e3 Nf6 4. c3 Nc6 5. Bb5 a6 6. Bxc6+ bxc6 7. f3 e6 8. Qa4 Qd7 9. Nd2 Bd6 10. Bg3 O-O 11. Ne2 Rfe8 12. a3 Bxg3+ 13. hxg3 Qd6 14. b4 e5 15. Nb3 exd4 16. Nbxd4 c5 17. Nxf5 Qe5 18. g4 g6 19. f4 Qe6 20. Nh6+ Kg7 21. g5 Nh5 22. Rxh5 gxh5 23. Qc2 Qxe3 24. Nf5+ Kg8 25. Nxe3 Rxe3 26. O-O-O Rae8 27. Ng1 Re1 28. Rxe1 Rxe1+ 29. Kb2 Rxg1 30. bxc5 c6 31. Qe2 h4 32. Qxa6 Rxg2+ 33. Kb3 h3 34. Qc8+ Kg7 35. Qxh3 Rg1 36. Qh6+ Kg8 37. Qxc6 Rb1+ 38. Kc2 Ra1 39. Kb2 Rg1 40. Qxd5 Rf1 41. Qc4 Rf2+ 42. Kb3 Rd2 43. c6 Rd8 44. Qa6 Rb8+ 45. Kc4 Re8 46. c7 Re4+ 47. Kd5 Rxf4 48. c8=Q+ Kg7 49. Qcc6 Rf5+ 50. Ke4 f6 51. Kxf5 fxg5 52. Qcb7+ Kf8 53. Qaa8# 1-0

[Event "Junior Online 4NCL Division 3"]
[Site "online"]
[Date "2021.09.30"]
[EventDate "2021.09.30"]
[Round "4.12"]
[White "Thompson, Alex"]
[WhiteElo "913"]
[WhiteTeam "Barnet Knights D"]
[Black "Correa, Edward"]
[BlackElo "1132"]
[BlackTeam "Manchester Juniors D"]
[Result "1-0"]
[PlyCount "75"]

1. b4 e5 2. Bb2 d6 3. e4 Nf6 4. Nc3 Bg4 5. f3 Be6 6. Nge2 a6 7. b5 axb5 8. Nxb5 Bc4 9. Ng3 Bxb5 10. Bxb5+ c6 11. Bd3 Nbd7 12. Nf5 g6 13. Ne3 Bg7 14. O-O d5 15. exd5 cxd5 16. f4 e4 17. Bb5 Qb6 18. Be2 Qxb2 19. f5 d4 20. Nc4 Qb5 21. Nd6+ Ke7 22. Nxb5 gxf5 23. Rxf5 Rhc8 24. Nxd4 Ne8 25. Bb5 Bxd4+ 26. Kf1 Bxa1 27. Qxa1 Nd6 28. Bxd7 Nxf5 29. Bxc8 Rxc8 30. Qe5+ Kd8 31. Qxf5 Rc7 32. Qd5+ Ke7 33. Qxe4+ Kd8 34. Qxh7 Ke7 35. Qe4+ Kf8 36. Qb4+ Kg7 37. Qd4+ Kg8 38. Qd8+ 1-0

[Event "Junior Online 4NCL Division 3"]
[Site "online"]
[Date "2021.09.30"]
[EventDate "2021.09.30"]
[Round "4.14"]
[White "Greenberg, Sam"]
[WhiteElo "600"]
[WhiteTeam "Barnet Knights D"]
[Black "Govindu, Aashrith Reddy"]
[BlackElo "950"]
[BlackTeam "Manchester Juniors D"]
[Result "1-0"]
[PlyCount "49"]

1. e4 e5 2. Nf3 Nc6 3. Bc4 Bc5 4. O-O Nf6 5. Nc3 O-O 6. d3 Nd4 7. Nxd4 exd4 8. Nd5 Nxd5 9. Bxd5 d6 10. e5 dxe5 11. Be4 Be6 12. Qh5 h6 13. Bd2 Bd5 14. Bxd5 Qxd5 15. c4 Qc6 16. Qg4 g6 17. Bxh6 Rfe8 18. Bd2 Rad8 19. Qg5 Kf8 20. Qh6+ Kg8 21. Bg5 Rd6 22. f4 exf4 23. Rxf4 Re5 24. Rh4 Re2 25. Qh8# 1-0

[Event "Junior Online 4NCL Division 3"]
[Site "online"]
[Date "2021.09.30"]
[EventDate "2021.09.30"]
[Round "4.16"]
[White "Correa, Edward"]
[WhiteElo "1132"]
[WhiteTeam "Manchester Juniors D"]
[Black "Thompson, Alex"]
[BlackElo "913"]
[BlackTeam "Barnet Knights D"]
[Result "1-0"]
[PlyCount "45"]

1. d4 d5 2. Bf4 Nf6 3. Nf3 Nc6 4. e3 Bf5 5. Be2 Ne4 6. Nbd2 e6 7. O-O Bd6 8. Bxd6 Nxd6 9. Bd3 Ne4 10. Bxe4 dxe4 11. Ne5 Nxe5 12. dxe5 Qg5 13. f4 Qg6 14. Qe2 Bg4 15. Qc4 Bh3 16. Qxe4 Bf5 17. Qxb7 Rd8 18. Qc6+ Rd7 19. Nb3 Bg4 20. Nc5 O-O 21. Nxd7 Rd8 22. Qxc7 Bh3 23. Qxd8# 1-0

[Event "Junior Online 4NCL Division 3"]
[Site "online"]
[Date "2021.09.30"]
[EventDate "2021.09.30"]
[Round "4.18"]
[White "Govindu, Aashrith Reddy"]
[WhiteElo "950"]
[WhiteTeam "Manchester Juniors D"]
[Black "Greenberg, Sam"]
[BlackElo "600"]
[BlackTeam "Barnet Knights D"]
[Result "1-0"]
[PlyCount "75"]

1. e4 e5 2. Nf3 Nc6 3. Bc4 Nf6 4. d3 Nd4 5. Bg5 Bb4+ 6. c3 Nxf3+ 7. Qxf3 O-O 8. cxb4 b6 9. Qg3 Nh5 10. Bxd8 Nxg3 11. hxg3 Rxd8 12. Nc3 Bb7 13. Bd5 Bxd5 14. Nxd5 c5 15. bxc5 bxc5 16. Rh4 Rab8 17. b3 h6 18. Rg4 Rb4 19. Nxb4 cxb4 20. f4 exf4 21. gxf4 Rc8 22. a3 bxa3 23. Rxa3 Rc1+ 24. Kd2 Rg1 25. Rxa7 Rb1 26. Kc2 Re1 27. Rxd7 Re2+ 28. Kc3 Re1 29. d4 Rc1+ 30. Kb4 Re1 31. e5 f5 32. Rgxg7+ Kh8 33. d5 Re4+ 34. Kc5 Rxe5 35. fxe5 f4 36. e6 h5 37. e7 f3 38. e8=Q# 1-0

[Event "Junior Online 4NCL Division 3"]
[Site "online"]
[Date "2021.09.30"]
[EventDate "2021.09.30"]
[Round "4.21"]
[White "Patel, Rohan"]
[WhiteElo "1188"]
[WhiteTeam "Edgware Gambits E"]
[Black "Catabay, Rezin C"]
[BlackElo "1370"]
[BlackTeam "Colchester Juniors B"]
[Result "1/2-1/2"]
[PlyCount "114"]

1. e4 c6 2. Nf3 d5 3. exd5 cxd5 4. d4 Bf5 5. Nc3 Nc6 6. Bf4 Nf6 7. Bb5 Bd7 8. O-O e6 9. Re1 Nh5 10. Bg5 Be7 11. Bxe7 Qxe7 12. Bxc6 Bxc6 13. Ne5 Nf6 14. Nxc6 bxc6 15. h3 O-O 16. Qf3 Rab8 17. b3 c5 18. Nxd5 Nxd5 19. Qxd5 Rfd8 20. Qxc5 Qxc5 21. dxc5 Rdc8 22. Re5 Rb5 23. Rd1 f6 24. Rxe6 Rbxc5 25. c4 Kf7 26. Red6 Ra5 27. Rd7+ Kg6 28. a4 Rb8 29. Rb1 Rxa4 30. b4 Rbxb4 31. Rxb4 Rxb4 32. Rxa7 Rxc4 33. Ra3 Kh5 34. Rg3 g5 35. Rf3 Kg6 36. Kh2 h5 37. g3 Rc2 38. Kg2 g4 39. hxg4 hxg4 40. Rf4 f5 41. Rd4 Kg5 42. Rf4 Re2 43. Kf1 Ra2 44. Kg2 Ra1 45. f3 Ra2+ 46. Kf1 gxf3 47. Rxf3 Ra1+ 48. Kg2 Ra2+ 49. Rf2 Ra4 50. Rf3 Kg4 51. Rf2 Re4 52. Kf1 Re3 53. Rf4+ Kg5 54. Kf2 Re4 55. Rxe4 fxe4 56. Ke3 Kg4 57. Kxe4 Kxg3 1/2-1/2

[Event "Junior Online 4NCL Division 3"]
[Site "online"]
[Date "2021.09.30"]
[EventDate "2021.09.30"]
[Round "4.22"]
[White "Kanellopoulos, Nickolas"]
[WhiteElo "1361"]
[WhiteTeam "Colchester Juniors B"]
[Black "Wilkinson, James"]
[BlackElo "1167"]
[BlackTeam "Edgware Gambits E"]
[Result "1-0"]
[PlyCount "49"]

1. e4 e5 2. Nf3 Nf6 3. Nc3 Nc6 4. Be2 Bc5 5. Nxe5 Nxe5 6. d4 Bd6 7. dxe5 Bxe5 8. Bd2 O-O 9. O-O d6 10. Rb1 Be6 11. a3 Qd7 12. f4 Bd4+ 13. Kh1 Bh3 14. gxh3 Qxh3 15. Rf3 Qh6 16. f5 Qh4 17. Be1 Qh6 18. Qxd4 Ng4 19. Bg3 Qh3 20. Bxd6 cxd6 21. Rxh3 Nf6 22. Rg1 h6 23. Qxf6 g5 24. Rxg5+ hxg5 25. Qh8# 1-0

[Event "Junior Online 4NCL Division 3"]
[Site "online"]
[Date "2021.09.30"]
[EventDate "2021.09.30"]
[Round "4.23"]
[White "Durling, Charlie"]
[WhiteElo "1174"]
[WhiteTeam "Edgware Gambits E"]
[Black "Salkauskas, Deimantas"]
[BlackElo "1346"]
[BlackTeam "Colchester Juniors B"]
[Result "0-1"]
[PlyCount "52"]

1. d4 d5 2. c4 dxc4 3. e4 Nf6 4. Nc3 Nc6 5. Nf3 Bg4 6. Be2 e5 7. dxe5 Qxd1+ 8. Bxd1 Bxf3 9. Bxf3 Nxe5 10. Be2 Bb4 11. O-O O-O 12. Bf4 Nd3 13. Bxd3 cxd3 14. Nd5 Nxd5 15. exd5 Rad8 16. Rfd1 Rxd5 17. Bxc7 Rc8 18. Bf4 h6 19. a3 Bd6 20. Be3 Rc2 21. b4 Be5 22. Rab1 d2 23. Kf1 Bxh2 24. Ke2 Ra2 25. g3 a6 26. Rh1 d1=Q# 0-1

[Event "Junior Online 4NCL Division 3"]
[Site "online"]
[Date "2021.09.30"]
[EventDate "2021.09.30"]
[Round "4.24"]
[White "Chung, Vince"]
[WhiteElo "1157"]
[WhiteTeam "Colchester Juniors B"]
[Black "Wen, Liana"]
[BlackElo "1154"]
[BlackTeam "Edgware Gambits E"]
[Result "1-0"]
[PlyCount "69"]

1. e4 c5 2. d4 d6 3. Nf3 Nf6 4. Nc3 g6 5. Bb5+ Bd7 6. Bxd7+ Nbxd7 7. O-O Bg7 8. Re1 O-O 9. Bf4 e6 10. d5 e5 11. Bg5 Qe8 12. Nb5 Qc8 13. Nxd6 Qc7 14. Nb5 Qa5 15. c4 a6 16. Nc3 Nb6 17. b3 Qxc3 18. Bxf6 Bxf6 19. Qe2 Qb4 20. Qd3 Nd7 21. a3 Qa5 22. b4 cxb4 23. axb4 Qxb4 24. Reb1 Qc5 25. Rxb7 Qc8 26. Rab1 Rb8 27. Rxb8 Nxb8 28. d6 Rd8 29. Qd5 Bg7 30. Rb7 Nd7 31. Rc7 Qb8 32. Rb7 Qc8 33. Ng5 Nf6 34. Qxf7+ Kh8 35. Qxg7# 1-0

[Event "Junior Online 4NCL Division 3"]
[Site "online"]
[Date "2021.09.30"]
[EventDate "2021.09.30"]
[Round "4.25"]
[White "Catabay, Rezin C"]
[WhiteElo "1370"]
[WhiteTeam "Colchester Juniors B"]
[Black "Patel, Rohan"]
[BlackElo "1188"]
[BlackTeam "Edgware Gambits E"]
[Result "1-0"]
[PlyCount "113"]

1. e4 e5 2. Nf3 Nc6 3. Bc4 Bc5 4. O-O Nf6 5. c3 d5 6. exd5 Nxd5 7. d4 exd4 8. cxd4 Bb6 9. Re1+ Be6 10. Bxd5 Qxd5 11. Nc3 Qd6 12. d5 O-O 13. dxe6 Qxd1 14. exf7+ Rxf7 15. Rxd1 Re8 16. Bd2 Nd4 17. Nxd4 Bxd4 18. Be1 Bb6 19. Nd5 Bc5 20. b4 Bd6 21. Ne3 h6 22. a3 Be5 23. Rab1 Bf4 24. Bd2 Rd7 25. g3 Bg5 26. h4 Bf6 27. Rb3 Red8 28. Nf1 g5 29. hxg5 Bxg5 30. Bxg5 Rxd1 31. Bxd8 Rxd8 32. Rc3 c6 33. a4 Rd2 34. b5 Rd6 35. bxc6 Rxc6 36. Rxc6 bxc6 37. Ne3 Kf7 38. Nc4 Ke6 39. Kf1 Kd5 40. Ne3+ Kd4 41. Ke2 c5 42. Kd2 c4 43. Kc2 Kc5 44. Kc3 a5 45. Nxc4 Kd5 46. Nxa5 Ke4 47. Nc4 Kf3 48. a5 Kxf2 49. a6 Kxg3 50. a7 h5 51. a8=Q h4 52. Qh1 h3 53. Ne5 Kf4 54. Nd3+ Kg3 55. Qg1+ Kh4 56. Ne5 h2 57. Qg4# 1-0

[Event "Junior Online 4NCL Division 3"]
[Site "online"]
[Date "2021.09.30"]
[EventDate "2021.09.30"]
[Round "4.26"]
[White "Wilkinson, James"]
[WhiteElo "1167"]
[WhiteTeam "Edgware Gambits E"]
[Black "Kanellopoulos, Nickolas"]
[BlackElo "1361"]
[BlackTeam "Colchester Juniors B"]
[Result "0-1"]
[PlyCount "192"]

1. d4 d5 2. c4 e6 3. cxd5 exd5 4. a3 Nf6 5. Nc3 Nc6 6. Bf4 Bd6 7. Bxd6 Qxd6 8. Nb5 Qe7 9. e3 a6 10. Nc3 O-O 11. Nf3 Bg4 12. h3 Be6 13. Be2 Rad8 14. O-O Bc8 15. Nh2 Ne4 16. Nxe4 Qxe4 17. Bf3 Qg6 18. Qb3 Ne7 19. Rae1 b6 20. Qb4 Rfe8 21. e4 dxe4 22. Bxe4 Qg5 23. f4 Qf6 24. Rd1 Nc6 25. Bxc6 Qxc6 26. Rc1 Qb5 27. Rfd1 Qxb4 28. axb4 Re7 29. d5 h6 30. d6 cxd6 31. Rc6 d5 32. Rxb6 Re6 33. Rb8 Red6 34. Nf3 Be6 35. Rb7 Kf8 36. Ne5 d4 37. f5 Bb3 38. Rd3 Bd5 39. Rc7 f6 40. Ng6+ Kg8 41. Rxd4 Bb3 42. Re4 Rd1+ 43. Kh2 R1d7 44. Rc6 Bd5 45. Ne7+ Rxe7 46. Rxe7 Bxc6 47. Rc7 Bb5 48. Rc2 Rd5 49. Rc8+ Kh7 50. Rc2 Rxf5 51. g4 Rf4 52. Kg3 Rxb4 53. h4 Rb3+ 54. Kf4 Rb4+ 55. Kg3 Rc4 56. Rf2 Rb4 57. Kg2 Bc6+ 58. Kg3 Rb3+ 59. Kf4 Rb4+ 60. Kg3 Bd7 61. g5 Rg4+ 62. Kh3 Rf4+ 63. Kg3 Rxf2 64. Kxf2 hxg5 65. hxg5 fxg5 66. Kg3 Kg6 67. Kf3 Bb5 68. Kg4 Kf6 69. b4 g6 70. Kf3 Kf5 71. Ke3 g4 72. Kf2 Kf4 73. Kg2 Ke4 74. Kg3 Kd4 75. Kxg4 Kc4 76. Kg5 Kxb4 77. Kxg6 a5 78. Kg5 a4 79. Kf4 Kb3 80. Ke3 a3 81. Kd2 Kb2 82. Kd1 a2 83. Kd2 a1=Q 84. Ke3 Qa3+ 85. Ke4 Qd3+ 86. Kf4 Qe2 87. Kf5 Bd7+ 88. Kf4 Be6 89. Kg5 Qf3 90. Kg6 Qf5+ 91. Kg7 Kc3 92. Kh6 Qg4 93. Kh7 Kd4 94. Kh8 Ke5 95. Kh7 Kf6 96. Kh6 Qg6# 0-1

[Event "Junior Online 4NCL Division 3"]
[Site "online"]
[Date "2021.09.30"]
[EventDate "2021.09.30"]
[Round "4.27"]
[White "Salkauskas, Deimantas"]
[WhiteElo "1346"]
[WhiteTeam "Colchester Juniors B"]
[Black "Durling, Charlie"]
[BlackElo "1174"]
[BlackTeam "Edgware Gambits E"]
[Result "1-0"]
[PlyCount "143"]

1. e4 e6 2. d4 d5 3. exd5 exd5 4. Nf3 Bg4 5. Bf4 Bb4+ 6. Nc3 Nf6 7. Be2 Ne4 8. Bd2 O-O 9. Nxe4 Bxf3 10. Bxf3 Bxd2+ 11. Nxd2 Re8+ 12. Be2 Qe7 13. Nf3 Qb4+ 14. Nd2 Qxd4 15. O-O Qxb2 16. Bf3 Qd4 17. Re1 Nc6 18. Rxe8+ Rxe8 19. Nb3 Qe5 20. h3 d4 21. Bxc6 bxc6 22. Qxd4 Qe2 23. Qxa7 Qxc2 24. Qxc7 h6 25. Qb6 Ra8 26. a4 Qb2 27. a5 Rf8 28. a6 c5 29. a7 c4 30. Rc1 cxb3 31. Rc5 Qa1+ 32. Kh2 b2 33. Rb5 Ra8 34. Qb8+ Kh7 35. Qxa8 b1=Q 36. Rxb1 Qxb1 37. Qb8 Qxb8+ 38. axb8=Q Kg6 39. Qd6+ f6 40. f4 Kf5 41. g4+ Kg6 42. f5+ Kg5 43. h4+ Kxg4 44. Qg3+ Kxf5 45. Kg2 g5 46. hxg5 fxg5 47. Qh3+ Kg6 48. Qg4 h5 49. Qe6+ Kh7 50. Kf3 g4+ 51. Kf4 g3 52. Kg5 g2 53. Qe1 h4 54. Qg1 h3 55. Kh4 Kg6 56. Kxh3 Kf5 57. Qxg2 Ke5 58. Qg4 Kd5 59. Qf4 Ke6 60. Qg5 Kd6 61. Qf5 Ke7 62. Qg6 Kd7 63. Qf6 Kc7 64. Qe6 Kb7 65. Qd6 Kc8 66. Qe7 Kb8 67. Kg4 Ka8 68. Kf5 Kb8 69. Ke5 Kc8 70. Kd5 Kb8 71. Kc6 Kc8 72. Qe8# 1-0

[Event "Junior Online 4NCL Division 3"]
[Site "online"]
[Date "2021.09.30"]
[EventDate "2021.09.30"]
[Round "4.28"]
[White "Wen, Liana"]
[WhiteElo "1154"]
[WhiteTeam "Edgware Gambits E"]
[Black "Chung, Vince"]
[BlackElo "1157"]
[BlackTeam "Colchester Juniors B"]
[Result "1-0"]
[PlyCount "61"]

1. d4 d5 2. c4 e5 3. e3 c5 4. Nf3 cxd4 5. exd4 dxc4 6. Bxc4 exd4 7. Nxd4 Nf6 8. O-O Be7 9. Bb5+ Bd7 10. Qb3 O-O 11. Nc3 Bxb5 12. Ndxb5 a6 13. Nd4 Bc5 14. Nf5 Nbd7 15. Bg5 Ne5 16. Rad1 Qc7 17. Bxf6 gxf6 18. Nd5 Qc6 19. Qg3+ Ng6 20. Nde7+ Bxe7 21. Nxe7+ Kg7 22. Nxc6 Rac8 23. Ne7 Rc7 24. Nf5+ Kh8 25. Qh3 Nf4 26. Qh6 Rg8 27. Rd8 Ne6 28. Rxg8+ Kxg8 29. Qxf6 Rc6 30. Nh6+ Kf8 31. Qxf7# 1-0

[Event "Junior Online 4NCL Division 3"]
[Site "online"]
[Date "2021.09.30"]
[EventDate "2021.09.30"]
[Round "4.31"]
[White "Sisupalan, Beni"]
[WhiteElo "1452"]
[WhiteTeam "JHJ Shark Tank 4"]
[Black "Man, Felix"]
[BlackElo "1264"]
[BlackTeam "Muswell Hill Primary"]
[Result "0-1"]
[PlyCount "72"]

1. e4 e5 2. Nf3 Nc6 3. Bc4 Bc5 4. Nc3 Nf6 5. d3 h6 6. Be3 Bb6 7. O-O O-O 8. d4 exd4 9. Nxd4 Nxd4 10. Bxd4 Bxd4 11. Qxd4 d6 12. Rad1 Qe7 13. Rfe1 Re8 14. f3 Qe5 15. Kf2 Qxh2 16. Nd5 Nxd5 17. exd5 Bd7 18. Bd3 c5 19. dxc6 Bxc6 20. Be4 Bxe4 21. Rxe4 Rxe4 22. fxe4 Qh4+ 23. Kf1 Qh1+ 24. Kf2 Qh4+ 25. Kf1 Qf4+ 26. Qf2 Qxf2+ 27. Kxf2 Rc8 28. c3 Rc6 29. Ke3 Kf8 30. Kf4 Ke7 31. g4 Ra6 32. a3 Rb6 33. Rd2 g5+ 34. Kf5 Rb5+ 35. Rd5 Rxb2 36. Ra5 Rf2# 0-1

[Event "Junior Online 4NCL Division 3"]
[Site "online"]
[Date "2021.09.30"]
[EventDate "2021.09.30"]
[Round "4.32"]
[White "Bagshaw, Freddie"]
[WhiteElo "1160"]
[WhiteTeam "Muswell Hill Primary"]
[Black "Xu, Tianyou"]
[BlackElo "1364"]
[BlackTeam "JHJ Shark Tank 4"]
[Result "0-1"]
[PlyCount "60"]

1. e4 e5 2. Nf3 Nc6 3. Bc4 Bc5 4. O-O Nf6 5. d3 d6 6. h3 Be6 7. Bg5 O-O 8. Nc3 Nd4 9. Bxe6 fxe6 10. a3 Qe8 11. b4 Bb6 12. Na4 Qxa4 13. Be3 Qe8 14. c3 Nxf3+ 15. Qxf3 Qg6 16. Bd2 Nh5 17. Qe2 Nf4 18. Qf3 Rf6 19. a4 a5 20. c4 Raf8 21. bxa5 Bd4 22. Rad1 Nh5 23. Qe2 Ng3 24. Qe1 Nxf1 25. Qxf1 Rxf2 26. a6 Rxf1+ 27. Kh2 Rxd1 28. axb7 Bg1+ 29. Kh1 Bf2+ 30. Kh2 Qg3# 0-1

[Event "Junior Online 4NCL Division 3"]
[Site "online"]
[Date "2021.09.30"]
[EventDate "2021.09.30"]
[Round "4.34"]
[White "Gibbins, Finlay"]
[WhiteElo "946"]
[WhiteTeam "Muswell Hill Primary"]
[Black "Bates, Hubert"]
[BlackElo "1400"]
[BlackTeam "JHJ Shark Tank 4"]
[Result "0-1"]
[PlyCount "72"]

1. e4 c5 2. c4 e6 3. Nc3 Nc6 4. Nf3 d6 5. d3 Nf6 6. Bg5 h6 7. Nb5 hxg5 8. Nxg5 a6 9. Nc3 Nd4 10. Ne2 Rh5 11. Nf3 Nxf3+ 12. gxf3 Bd7 13. Nf4 Rh8 14. Bh3 Qa5+ 15. Qd2 Qxd2+ 16. Kxd2 e5 17. Bxd7+ Kxd7 18. Ne2 Rh3 19. Ng1 Rh4 20. h3 g6 21. Ne2 Bh6+ 22. Kd1 Bg5 23. Nc3 Bf4 24. Na4 Kc6 25. b3 Rah8 26. Nc3 Rxh3 27. Rf1 Rxf3 28. Ke2 Rfh3 29. f3 Rh2+ 30. Kd1 Rd2+ 31. Kc1 Rf2+ 32. Kd1 Rxf1+ 33. Kc2 Rh2+ 34. Ne2 Rxe2+ 35. Kc3 Rxa1 36. a4 Rc1# 0-1

[Event "Junior Online 4NCL Division 3"]
[Site "online"]
[Date "2021.09.30"]
[EventDate "2021.09.30"]
[Round "4.35"]
[White "Man, Felix"]
[WhiteElo "1264"]
[WhiteTeam "Muswell Hill Primary"]
[Black "Sisupalan, Beni"]
[BlackElo "1452"]
[BlackTeam "JHJ Shark Tank 4"]
[Result "0-1"]
[PlyCount "110"]

1. e4 e5 2. Nf3 Nc6 3. Bc4 Bc5 4. Nc3 Nf6 5. d3 d6 6. h3 Be6 7. Bb3 d5 8. exd5 Nxd5 9. Nxd5 Bxd5 10. Be3 Bd4 11. Bxd4 Bxb3 12. cxb3 exd4 13. Qe2+ Qe7 14. Qxe7+ Kxe7 15. O-O Kd6 16. Rfe1 f6 17. Rac1 Rhe8 18. Kf1 Kd5 19. Rxe8 Rxe8 20. Re1 Rxe1+ 21. Kxe1 Nb4 22. Ke2 Nxa2 23. Kd2 Nb4 24. Nh4 Ke5 25. Nf3+ Kd5 26. Nh4 g6 27. Nf3 c5 28. Ne1 a5 29. Nc2 Nxc2 30. Kxc2 b5 31. f3 Ke5 32. g3 h5 33. Kd2 h4 34. gxh4 Kf4 35. Kc2 Kxf3 36. Kd2 Kg2 37. Ke2 Kxh3 38. Kf3 Kxh4 39. Ke4 g5 40. Kd5 g4 41. Kxc5 g3 42. Kxd4 g2 43. Kc5 g1=Q+ 44. d4 Qc1+ 45. Kxb5 Qxb2 46. d5 Qxb3+ 47. Kc5 Qb4+ 48. Kc6 Qc4+ 49. Kd6 a4 50. Ke6 a3 51. Kxf6 Qxd5 52. Ke7 a2 53. Ke8 a1=Q 54. Kf8 Qd7 55. Kg8 Qa8# 0-1

[Event "Junior Online 4NCL Division 3"]
[Site "online"]
[Date "2021.09.30"]
[EventDate "2021.09.30"]
[Round "4.36"]
[White "Xu, Tianyou"]
[WhiteElo "1364"]
[WhiteTeam "JHJ Shark Tank 4"]
[Black "Bagshaw, Freddie"]
[BlackElo "1160"]
[BlackTeam "Muswell Hill Primary"]
[Result "1-0"]
[PlyCount "89"]

1. e4 e5 2. Nf3 Nc6 3. Bc4 Nf6 4. Nc3 Bc5 5. d3 O-O 6. Bg5 Be7 7. Be3 Ng4 8. Nd5 Bd6 9. Bg5 Qe8 10. Be3 Na5 11. Bb3 c6 12. Nc3 Nxe3 13. fxe3 Nxb3 14. axb3 Bb4 15. O-O Bc5 16. d4 exd4 17. exd4 Bb6 18. Qe1 c5 19. Rd1 d6 20. d5 c4+ 21. Kh1 cxb3 22. cxb3 Bg4 23. Qh4 Qc8 24. h3 Bd7 25. Ng5 h6 26. Nf3 Bd8 27. Qg3 b5 28. Nd4 b4 29. Nce2 Bc7 30. Nf5 Bxf5 31. exf5 f6 32. Nd4 Rf7 33. Ne6 Re7 34. Rd4 a5 35. Rg4 g5 36. fxg6 a4 37. Rxf6 axb3 38. Rgf4 Ra1+ 39. Kh2 Rxe6 40. Rxe6 Bb6 41. Re1 Bg1+ 42. Rxg1 Qc5 43. Rxa1 Qc2 44. Ra8+ Kg7 45. Rf7# 1-0

[Event "Junior Online 4NCL Division 3"]
[Site "online"]
[Date "2021.09.30"]
[EventDate "2021.09.30"]
[Round "4.41"]
[White "Agarwal, Mihir"]
[WhiteElo "1344"]
[WhiteTeam "The Hall 2"]
[Black "Li, Lucian"]
[BlackElo "1348"]
[BlackTeam "Uxbridge B"]
[Result "0-1"]
[PlyCount "66"]

1. d4 d5 2. Nf3 Nf6 3. Bf4 Bf5 4. e3 e6 5. Nc3 a6 6. Bd3 Bg6 7. Ne5 Bd6 8. h3 Nbd7 9. Qd2 Qe7 10. Bxg6 hxg6 11. O-O-O Nh5 12. Nxd7 Qxd7 13. Bxd6 Qxd6 14. g4 Nf6 15. f4 O-O-O 16. g5 Nd7 17. Qd3 Nb6 18. Rhf1 Rxh3 19. Rh1 Rxh1 20. Rxh1 Qe7 21. Rh7 f5 22. Rh1 Rd7 23. Qe2 Nc4 24. Rh8+ Rd8 25. Rxd8+ Kxd8 26. Na4 Qb4 27. b3 Nd6 28. Nb2 Qa3 29. Kb1 Ne4 30. Qd3 Qa5 31. a4 b5 32. axb5 axb5 33. Kc1 Qa1# 0-1

[Event "Junior Online 4NCL Division 3"]
[Site "online"]
[Date "2021.09.30"]
[EventDate "2021.09.30"]
[Round "4.42"]
[White "Cepoi, Gesneria-Codruta"]
[WhiteElo "1109"]
[WhiteTeam "Uxbridge B"]
[Black "Kohli, Aryan"]
[BlackElo "1251"]
[BlackTeam "The Hall 2"]
[Result "1-0"]
[PlyCount "77"]

1. e4 c5 2. Nf3 d6 3. Bc4 e6 4. a4 Nc6 5. Nc3 Nf6 6. d3 Be7 7. O-O Bd7 8. Re1 O-O 9. Bf4 Ng4 10. Nd2 e5 11. Bg3 Bh4 12. Nb5 Bxg3 13. fxg3 Qe7 14. Nc7 Rac8 15. Nd5 Qg5 16. Nf3 Qh6 17. Bb5 a6 18. Bxc6 Bxc6 19. Ne7+ Kh8 20. Nxc8 Rxc8 21. Nh4 Re8 22. Qxg4 Rg8 23. Nf5 Qe6 24. h3 g6 25. Nh6 Qxg4 26. Nxg4 Bd7 27. Nf6 Rd8 28. Nxd7 Rxd7 29. Rf1 Re7 30. c4 Kg7 31. h4 Re8 32. Rf2 Rb8 33. Raf1 Rf8 34. Rf6 Kh6 35. Rxd6 Kh5 36. Rb6 Rb8 37. Rxf7 Kg4 38. Kf2 h5 39. Rxg6# 1-0